000 00293nam a22001337a 4500
003 NUST
038 _aMuhammad Ibrahim
082 _a355.0095491
_bPAK 2010
245 _aPAKISTAN ARMY GREEN BOOK
_cGHQ
260 _aRawalpindi
_bGHQ
_c2010
300 _a238
563 _aP.B
942 _cBK
_2ddc
999 _c589449
_d589449